F1 Podiums 2023 - Statistics

General Stats
  • This quiz has been taken 271 times
  • The average score is 12 of 13
Answer Stats
Hint Answer % Correct
a Max Verstappen
100%
a Carlos Sainz
99%
a Charles Leclerc
98%
a Lewis Hamilton
98%
a Sergio Perez
98%
a Fernando Alonso
97%
a Lando Norris
97%
a George Russell
95%
a Oscar Piastri
94%
a Esteban Ocon
91%
a Pierre Gasly
91%
a Yuki Tsunoda
77%
a Zhou Guanyu
74%
No matching quizzes found
Score Distribution
Percent of People with Each Score
Percentile by Number Answered
Your Score History
You have not taken this quiz